| 000 | 00861nam a2200253 i 4500 | ||
|---|---|---|---|
| 003 | DO-SdBNP | ||
| 005 | 20250307131004.0 | ||
| 007 | ta | ||
| 008 | 250307b2016 ||||| |||| 00| 0 spa d | ||
| 040 |
_aDO-SdBNP _bspa _cBNPHU _erda |
||
| 082 |
_a342.729302 _bR426co, 2016 _222 |
||
| 110 |
_aRepública Dominicana _bCámara de Diputados _932238 |
||
| 245 | 1 | _aConstitución Dominicana / | |
| 264 | 1 |
_aSanto Domingo : _bAsamblea Nacional de la república Dominicana, _bCámara de Diputados, _c2016. |
|
| 300 |
_a153 páginas _c23 cm |
||
| 336 |
_atexto _btxt _2rdacontent |
||
| 337 |
_asin mediación _bn _2rdamedia |
||
| 338 |
_avolumen _bnc _2rdacarrier |
||
| 590 | _aInventariado, 2025 / YL | ||
| 651 |
_aRepública Dominicana _xConstitución _91008 |
||
| 651 |
_aRepública Dominicana _xDerecho Constitucional _99303 |
||
| 910 | _aYLockward | ||
| 942 |
_2ddc _cLBS1 |
||
| 999 |
_c58355 _d58355 |
||